Statistics for Taylor Swift - Cold as You Lyrics

Click here to take the quiz!

General Stats

  • This quiz has been taken 55 times
  • The average score is 214 of 246

Answer Stats

Answer% Correct
a
100%
as
100%
cold
100%
I
100%
You
100%
you
100%
I've
96%
never
96%
anywhere
92%
been
92%
I'm
92%
no
92%
Oh
92%
oh
92%
and
88%
And
88%
away
88%
day
88%
do
88%
give
88%
Just
88%
me
88%
perfect
88%
shame
88%
So
88%
that
88%
the
88%
through
88%
to
88%
walk
88%
what
88%
when
88%
best
84%
come
84%
damn
84%
ending
84%
have
84%
here
84%
it
84%
now
84%
of
84%
Of
84%
rainy
84%
say
84%
sitting
84%
take
84%
thinking
84%
use
84%
very
84%
want
84%
will
84%
Words
84%
all
80%
But
80%
'cause
80%
cried
80%
died
80%
for
80%
Given
80%
If
80%
little
80%
not
80%
something
80%
them
80%
wanted
80%
way
80%
adore
76%
coming
76%
did
76%
dreamer
76%
feel
76%
fight
76%
know
76%
mess
76%
need
76%
start
76%
story
76%
there
76%
with
76%
wouldn't
76%
easily
72%
gray
72%
great
72%
honey
72%
nerve
72%
nobody
72%
shade
72%
stood
72%
ain't
68%
defending
68%
loving
68%
paint
68%
thing
68%
told
68%
walls
68%
put
64%
up
64%
wished
64%

Score Distribution

Percentile by Number Answered

Percent of People with Each Score

Your Score History

You have not taken this quiz